| 000 | 00692nam a2200229Ia 4500 | ||
|---|---|---|---|
| 008 | 191130s2006##################000#0#eng## | ||
| 020 | _a0820479225 | ||
| 022 | _a2005013864 | ||
| 040 |
_aACL _cACL |
||
| 082 | _a849.12 PEI | ||
| 100 | _aVidal, Peire | ||
| 245 |
_aThe songs of Peire Vidal : translation and commentary _cVeronica Fraser |
||
| 250 | _a1st ed | ||
| 260 |
_aNew York _bP. Lang _c2006 |
||
| 300 | _axii, 259 p. ; 24 cm | ||
| 500 | _aIncludes bibliographical references ([257]-259) | ||
| 650 | _aPeire Vidal, fl. 1200 - Translations into English | ||
| 700 | _aFraser, Veronica Mary | ||
| 990 | _af9d57f3fac10000c6b470d5c2162c09b | ||
| 991 | _a384954 | ||
| 999 |
_c70706 _d70706 |
||